000 00407nam a2200157Ia 4500
008 220803s9999 xx 000 0 und d
020 _a978-0-262-06266-4
041 _aeng
082 _a720 FRE
100 _aFrederick M
_924566
245 _a101 Things I Learned In Architecture School
260 _aLondon
_bMIT Press
_c2014
300 _a101p
500 _aArchitecture
650 _aArchitecture
_924567
999 _c15482
_d15482